[Event "2013 US Cadet"]
[Site "Rockville, MD"]
[Date "2013.07.20"]
[Round "1.2"]
[White "Brown (2343), Michael"]
[Black "Williams (2374), Justus"]
[Result "1-0"]
[WhiteElo "2343"]
[BlackElo "2374"]
[PlyCount "89"]
[EventDate "2013.??.??"]

1. d4 Nf6 2. c4 e6 3. Nc3 Bb4 4. Qc2 O-O 5. a3 Bxc3+ 6. Qxc3 h6 7. g3 d6 8. Bg2
e5 9. dxe5 dxe5 10. Nf3 e4 11. Nd2 Re8 12. b4 Bf5 13. O-O Nc6 14. Bb2 Qe7 15.
h3 Rad8 16. Nb3 e3 17. b5 Nb8 18. Qxe3 Qxe3 19. fxe3 Bg6 20. Bxf6 gxf6 21. Kf2
Rd7 22. Rac1 c6 23. bxc6 bxc6 24. Rc3 Kg7 25. Nc5 Rd2 26. Nb3 Rb2 27. c5 Be4
28. Bxe4 Rxe4 29. Nd4 Re5 30. Rd1 Na6 31. Rdc1 Nb8 32. g4 Rd5 33. Rd3 Kh7 34.
e4 Re5 35. Ke3 Nd7 36. Rdc3 f5 37. Nxf5 Nf6 38. Nd6 Nd5+ 39. Kd4 Nxc3 40. Kxe5
Nxe2 41. Rf1 Rc2 42. Rxf7+ Kg8 43. Rxa7 Rxc5+ 44. Kf6 Rg5 45. Nf7 1-0

[Event "2013 US Cadet"]
[Site "Rockville, MD"]
[Date "2013.07.20"]
[Round "1.3"]
[White "Colas (2398), Joshua"]
[Black "Li (2326), Ruifeng"]
[Result "1/2-1/2"]
[WhiteElo "2398"]
[BlackElo "2326"]
[PlyCount "88"]
[EventDate "2013.??.??"]

1. d4 d5 2. c4 c6 3. Nc3 Nf6 4. Nf3 e6 5. e3 Nbd7 6. Qc2 Bd6 7. Bd3 O-O 8. O-O
dxc4 9. Bxc4 b5 10. Be2 Bb7 11. a3 a5 12. e4 e5 13. dxe5 Nxe5 14. Nxe5 Bxe5 15.
Be3 Qe7 16. f3 Rfd8 17. Rad1 h5 18. Nb1 Bc7 19. Nd2 Nd5 20. Bf2 Nf4 21. Nb3 Qg5
22. g3 Nh3+ 23. Kg2 Nxf2 24. Rxf2 Bb6 25. f4 Qe7 26. Rff1 c5 27. Bf3 Rac8 28.
Nd2 Rd4 29. e5 Rcd8 30. Bxb7 Qxb7+ 31. Nf3 c4 32. Rxd4 Rxd4 33. Rd1 Rxd1 34.
Qxd1 Qc6 35. Qd2 Qe4 36. h3 b4 37. axb4 axb4 38. h4 b3 39. f5 Qxf5 40. Qd6 Qc2+
41. Kh3 Qf2 42. Qc6 Qc5 43. Qe8+ Qf8 44. Qc6 Qc5 1/2-1/2

[Event "2013 US Cadet"]
[Site "Rockville, MD"]
[Date "2013.07.20"]
[Round "1.4"]
[White "Wu (2293), Christopher"]
[Black "Krishnan (2346), Varun"]
[Result "1/2-1/2"]
[WhiteElo "2293"]
[BlackElo "2346"]
[PlyCount "72"]
[EventDate "2013.??.??"]

1. e4 c5 2. Nf3 Nc6 3. d4 cxd4 4. Nxd4 Nf6 5. Nc3 d6 6. Bg5 e6 7. Qd2 a6 8.
O-O-O h6 9. Bf4 Bd7 10. Nxc6 Bxc6 11. f3 d5 12. e5 Nd7 13. Bg3 Qa5 14. a3 b5
15. Kb1 Rb8 16. Ne4 Qxd2 17. Nxd2 Nc5 18. Bf2 a5 19. Bxc5 Bxc5 20. Nb3 Bb6 21.
Nd4 Bxd4 22. Rxd4 b4 23. axb4 axb4 24. Ka2 Ba4 25. Bd3 O-O 26. b3 Bd7 27. Kb2
f6 28. exf6 gxf6 29. Ra1 Rb7 30. Ra6 Kf7 31. Kc1 Rc8 32. Ra5 Rg8 33. g3 Bc6 34.
Ra6 Rc8 35. Rh4 Kg7 36. Rg4+ Kf7 1/2-1/2

[Event "2013 US Cadet"]
[Site "Rockville, MD"]
[Date "2013.07.20"]
[Round "2.1"]
[White "Black Jr (2310), James"]
[Black "Wu (2293), Christopher"]
[Result "0-1"]
[WhiteElo "2310"]
[BlackElo "2293"]
[PlyCount "112"]
[EventDate "2013.??.??"]

1. d4 Nf6 2. c4 e6 3. Nc3 Bb4 4. f3 d5 5. a3 Bxc3+ 6. bxc3 c5 7. cxd5 exd5 8.
e3 c4 9. Ne2 Nc6 10. g4 O-O 11. Bg2 Na5 12. O-O Nb3 13. Ra2 h6 14. h3 Re8 15.
Ng3 Qc7 16. Kh2 h5 17. gxh5 Nxh5 18. f4 Nxg3 19. Kxg3 Qd6 20. Qf3 Be6 21. Kf2
g6 22. Rg1 Rad8 23. h4 Bf5 24. h5 Kg7 25. Qg3 Rh8 26. Bf3 Qe7 27. Re2 Nxc1 28.
Rxc1 Qxa3 29. Rg1 Qe7 30. Ra1 b6 31. Qg2 Be4 32. Bxe4 dxe4 33. hxg6 fxg6 34.
Qg5 Rd7 35. Qxe7+ Rxe7 36. Kg3 Kf6 37. Ra4 Rc7 38. Rb2 Rch7 39. Rg2 Rh3+ 40.
Kf2 Rf3+ 41. Ke2 Rhh3 42. Rxc4 Rxe3+ 43. Kd2 Reg3 44. Re2 Kf5 45. Rc7 Rd3+ 46.
Kc2 Kxf4 47. Rf2+ Rdf3 48. Rg2 Rhg3 49. Rf7+ Ke3 50. Rxg3 Rxg3 51. Rxa7 Rg2+
52. Kb3 Rd2 53. Re7 Kf3 54. Rf7+ Ke2 55. Re7 e3 56. Kc4 Kf2 0-1

[Event "2013 US Cadet"]
[Site "Rockville, MD"]
[Date "2013.07.20"]
[Round "2.2"]
[White "Krishnan (2346), Varun"]
[Black "Colas (2398), Joshua"]
[Result "1-0"]
[WhiteElo "2346"]
[BlackElo "2398"]
[PlyCount "67"]
[EventDate "2013.??.??"]

1. e4 c5 2. Nf3 e6 3. d4 cxd4 4. Nxd4 Nc6 5. Nc3 Qc7 6. Be2 a6 7. Be3 Nf6 8.
O-O Be7 9. f4 d6 10. Kh1 Bd7 11. Qe1 h5 12. Bf3 O-O-O 13. a4 Nxd4 14. Bxd4 e5
15. Bg1 exf4 16. Nd5 Nxd5 17. exd5 Bf6 18. Qb4 a5 19. Qb3 Kb8 20. Bb6 Qc8 21.
Bxa5 Rde8 22. Bb6 Bd8 23. a5 g5 24. a6 Bf5 25. Ba7+ Ka8 26. axb7+ Qxb7 27. Bc5+
Kb8 28. Bxd6+ Kc8 29. Ra8+ Qxa8 30. Qc4+ Kd7 31. Bb4 Qb7 32. Ra1 Bf6 33. d6 Be6
34. Bc6+ 1-0

[Event "2013 US Cadet"]
[Site "Rockville, MD"]
[Date "2013.07.20"]
[Round "2.3"]
[White "Li (2326), Ruifeng"]
[Black "Brown (2343), Michael"]
[Result "1-0"]
[WhiteElo "2326"]
[BlackElo "2343"]
[PlyCount "63"]
[EventDate "2013.??.??"]

1. e4 e5 2. Nf3 Nc6 3. Bb5 a6 4. Ba4 Nf6 5. O-O Be7 6. Re1 b5 7. Bb3 d6 8. c3
O-O 9. h3 Nb8 10. a4 Bb7 11. axb5 axb5 12. Rxa8 Bxa8 13. Bc2 Nbd7 14. Qe2 Qb8
15. d4 Re8 16. Na3 b4 17. Nc4 exd4 18. cxd4 d5 19. exd5 Bxd5 20. Nce5 Nf8 21.
Ba4 Rd8 22. Nxf7 Bxf7 23. Qxe7 Bd5 24. Bh6 Nh5 25. Qg5 Bf7 26. Re7 Ng6 27. Rxf7
gxh6 28. Qxh6 Kxf7 29. Ng5+ Kf6 30. Nxh7+ Ke7 31. Qxg6 Rd5 32. Ng5 1-0

[Event "2013 US Cadet"]
[Site "Rockville, MD"]
[Date "2013.07.20"]
[Round "2.4"]
[White "Williams (2374), Justus"]
[Black "Hua (2373), David"]
[Result "1/2-1/2"]
[WhiteElo "2374"]
[BlackElo "2373"]
[PlyCount "64"]
[EventDate "2013.??.??"]

1. Nf3 Nf6 2. c4 c6 3. g3 d5 4. Bg2 dxc4 5. Qc2 Qd5 6. Na3 Be6 7. b3 cxb3 8.
axb3 Qxb3 9. Qxb3 Bxb3 10. Rb1 Bd5 11. Rxb7 Nbd7 12. d3 e6 13. O-O c5 14. Rb1
a6 15. Nc4 Be7 16. Ba3 O-O 17. Rbc1 Rfc8 18. Rc2 Rab8 19. Rfc1 Bc6 20. Nfe5 Ba4
21. Rc3 Bb5 22. R3c2 Rc7 23. Nxd7 Nxd7 24. Na5 Ba4 25. Rc4 Bb5 26. R4c2 Bg5 27.
Rb1 Bf6 28. Rbc1 Ba4 29. Rc4 Bb5 30. R4c2 Ba4 31. Rc4 Rb5 32. Rxa4 Nb6 1/2-1/2

[Event "2013 US Cadet"]
[Site "Rockville, MD"]
[Date "2013.07.21"]
[Round "3.1"]
[White "Williams (2374), Justus"]
[Black "Black Jr (2310), James"]
[Result "1/2-1/2"]
[WhiteElo "2374"]
[BlackElo "2310"]
[PlyCount "101"]
[EventDate "2013.??.??"]

1. Nf3 Nf6 2. c4 g6 3. g3 Bg7 4. Bg2 O-O 5. O-O d6 6. Nc3 Nc6 7. d4 a6 8. h3
Rb8 9. a4 Na5 10. b3 Nd7 11. Rb1 c5 12. e4 Nc6 13. Be3 e5 14. dxc5 dxc5 15. Nd5
b5 16. b4 bxa4 17. Qxa4 Nd4 18. Bxd4 exd4 19. bxc5 Nxc5 20. Qc6 Nb3 21. Qa4 Nc5
22. Qc6 Nb3 23. Rfd1 Bb7 24. Qa4 Nc5 25. Qa3 Nxe4 26. Nxd4 Bxd5 27. Rxb8 Qxb8
28. cxd5 Bxd4 29. Rxd4 Qb1+ 30. Kh2 Nf6 31. Qxa6 Nd7 32. Qc6 Ne5 33. Qf6 Nd7
34. Qe7 Qb6 35. Rf4 Nc5 36. d6 Ne6 37. Rf6 Qc5 38. h4 Nd4 39. Be4 Nf5 40. Rxf5
gxf5 41. Qg5+ Kh8 42. Qf6+ Kg8 43. Qg5+ Kh8 44. Qf6+ Kg8 45. Bxf5 Qxf2+ 46. Kh3
Qf1+ 47. Kg4 Qe2+ 48. Kh3 Qf1+ 49. Kg4 Qe2+ 50. Kg5 Qe3+ 51. Kg4 1/2-1/2

[Event "2013 US Cadet"]
[Site "Rockville, MD"]
[Date "2013.07.21"]
[Round "3.2"]
[White "Hua (2373), David"]
[Black "Li (2326), Ruifeng"]
[Result "1-0"]
[WhiteElo "2373"]
[BlackElo "2326"]
[PlyCount "113"]
[EventDate "2013.??.??"]

1. d4 d5 2. c4 c6 3. Nf3 Nf6 4. Nc3 e6 5. e3 Nbd7 6. Qc2 Bd6 7. Bd3 O-O 8. O-O
dxc4 9. Bxc4 b5 10. Bd3 Bb7 11. a3 a6 12. b4 a5 13. Rb1 Qe7 14. e4 e5 15. Ne2
axb4 16. axb4 Bxb4 17. Ng3 c5 18. Nf5 Qe6 19. dxe5 c4 20. exf6 cxd3 21. Qb2 Ba3
22. Qxb5 Ba6 23. Qd5 Qxd5 24. exd5 Bxc1 25. fxg7 Rfd8 26. Rfxc1 Nf6 27. Ne5
Nxd5 28. Rc5 Bc8 29. Nh6+ Kxg7 30. Nhxf7 Rf8 31. Rxd5 Be6 32. Rxd3 Bxf7 33. Rd7
Kg8 34. Rxf7 Rxf7 35. Nxf7 Kxf7 36. g4 Ra4 37. h3 h5 38. Rb7+ Kg6 39. Rb6+ Kg7
40. gxh5 Rh4 41. h6+ Kh7 42. Kg2 Ra4 43. Rf6 Ra3 44. f3 Ra1 45. Kg3 Ra4 46. f4
Ra1 47. Kg4 Ra5 48. h4 Rb5 49. f5 Rb1 50. Kh5 Rb7 51. Kg5 Ra7 52. Re6 Rf7 53.
f6 Rf8 54. Re7+ Kh8 55. f7 Kh7 56. Kf6 Ra8 57. f8=Q# 1-0

[Event "2013 US Cadet"]
[Site "Rockville, MD"]
[Date "2013.07.21"]
[Round "3.3"]
[White "Brown (2343), Michael"]
[Black "Krishnan (2346), Varun"]
[Result "1/2-1/2"]
[WhiteElo "2343"]
[BlackElo "2346"]
[PlyCount "42"]
[EventDate "2013.??.??"]

1. d4 d5 2. c4 e6 3. Nc3 c6 4. e3 Nf6 5. Nf3 Nbd7 6. Qc2 Bd6 7. g4 h6 8. Rg1 b5
9. cxd5 exd5 10. Bd3 Qe7 11. a3 a5 12. h4 Bb7 13. g5 Nh5 14. Ne2 g6 15. e4 dxe4
16. Bxe4 hxg5 17. hxg5 Ng7 18. Be3 Rc8 19. Rc1 Nb6 20. Nd2 Rh4 21. Bd3 Nd5
1/2-1/2

[Event "2013 US Cadet"]
[Site "Rockville, MD"]
[Date "2013.07.21"]
[Round "3.4"]
[White "Colas (2398), Joshua"]
[Black "Wu (2293), Christopher"]
[Result "1-0"]
[WhiteElo "2398"]
[BlackElo "2293"]
[PlyCount "43"]
[EventDate "2013.??.??"]

1. e4 c5 2. Nf3 d6 3. d4 cxd4 4. Nxd4 Nf6 5. Nc3 a6 6. Bg5 Nbd7 7. Bc4 e6 8.
O-O b5 9. Bxe6 fxe6 10. Nxe6 Qb6 11. Nd5 Nxd5 12. Qxd5 Ne5 13. Qxa8 Qb7 14.
Qxb7 Bxb7 15. Nxf8 Rxf8 16. f3 h6 17. Be3 Kd7 18. Rad1 Ke6 19. Bd4 Rc8 20. Bxe5
dxe5 21. Rf2 g5 22. Rfd2 1-0

[Event "2013 US Cadet"]
[Site "Rockville, MD"]
[Date "2013.07.21"]
[Round "4.1"]
[White "Black Jr, James (USA)"]
[Black "Colas, Joshua (USA)"]
[Result "1-0"]
[WhiteElo "2310"]
[BlackElo "2398"]
[PlyCount "85"]
[EventDate "2013.??.??"]

1. e4 e5 2. Nf3 Nc6 3. Bb5 Nge7 4. O-O g6 5. c3 Bg7 6. d4 O-O 7. d5 Nb8 8. c4
d6 9. Ne1 f5 10. Nc3 f4 11. f3 g5 12. g4 fxg3 13. hxg3 Ng6 14. Nd3 Nd7 15. Be3
h6 16. Bxd7 Bxd7 17. c5 Qe7 18. cxd6 cxd6 19. a4 Rf7 20. Nb5 a6 21. Na3 Raf8
22. Rf2 h5 23. Nc4 g4 24. fxg4 Bxg4 25. Qe1 Rxf2 26. Nxf2 Bf3 27. Qb4 h4 28. g4
h3 29. Kh2 Rd8 30. Ra3 Qh4 31. Qd2 Bf6 32. Bh6 Bg2 33. Rg3 b5 34. g5 Be7 35.
Rg4 Qh5 36. Ne3 Nh4 37. Rxh4 Qxh4 38. Nf5 Qf4+ 39. Qxf4 exf4 40. Nxe7+ Kf7 
(40...Kh7 41. Ng4+- Rd7 42.Nf6+ Kh8 43.Ng6#) 41.g6+  1-0

[Event "2013 US Cadet"]
[Site "Rockville, MD"]
[Date "2013.07.21"]
[Round "4.2"]
[White "Wu, Christopher (USA)"]
[Black "Brown, Michael (USA)"]
[Result "1/2-1/2"]
[WhiteElo "2293"]
[BlackElo "2343"]
[PlyCount "118"]
[EventDate "2013.??.??"]

1. e4 e5 2. Nf3 Nc6 3. Bb5 a6 4. Ba4 Nf6 5. O-O Be7 6. Re1 b5 7. Bb3 d6 8. c3
O-O 9. d4 Bg4 10. Be3 exd4 11. cxd4 Na5 12. Bc2 c5 13. h3 Bh5 14. Nbd2 Nd7 15.
g4 Bg6 16. d5 Bf6 17. Rb1 h6 18. Kg2 Qe7 19. Nf1 Nc4 20. Bc1 Nce5 21. Nxe5 dxe5
22. Be3 Bg5 23. b3 Bxe3 24. Nxe3 Nf6 25. f3 Ne8 26. Bd3 Nd6 27. Qe2 Rfc8 28.
Rec1 f6 29. Rb2 Qd7 30. Rbc2 Qa7 31. Qf2 Rc7 32. Nd1 Rac8 33. Nb2 Be8 34. Bf1
Bd7 35. Nd3 c4 36. Qxa7 Rxa7 37. Nb4 a5 38. Nc6 Bxc6 39. dxc6 Rxc6 40. bxc4
Rac7 41. c5 Nb7 42. Bxb5 Rxc5 43. Rxc5 Rxc5 44. Rxc5 Nxc5 45. h4 Kf7 46. Kf2
Ke6 47. Ke3 Kd6 48. Bc4 g5 49. h5 Nd7 50. Kd3 Kc5 51. Kc3 Nb8 52. Bd5 Na6 53.
a3 Nc7 54. Bc4 Ne8 55. Be2 Nd6 56. Bd3 Nc8 57. Bc2 Nb6 58. Bb3 Kb5 59. Bc2 Kc5
1/2-1/2

[Event "2013 US Cadet"]
[Site "Rockville, MD"]
[Date "2013.07.21"]
[Round "4.3"]
[White "Krishnan, Varun (USA)"]
[Black "Hua, David (USA)"]
[Result "1-0"]
[WhiteElo "2346"]
[BlackElo "2373"]
[PlyCount "51"]
[EventDate "2013.??.??"]

1. e4 c5 2. Nf3 e6 3. d4 cxd4 4. Nxd4 a6 5. Bd3 Qc7 6. O-O Nf6 7. Nc3 b5 8. Re1
Bb7 9. e5 Nd5 10. Nxd5 Bxd5 11. a4 b4 12. Qg4 Nc6 13. Nf3 g6 14. Bg5 Bg7 15.
Be4 Bxe4 16. Rxe4 Nxe5 17. Rxe5 f6 18. Rxe6+ dxe6 19. Qxe6+ Qe7 20. Qc6+ Kf7
21. Qd5+ Qe6 22. Ne5+ fxe5 23. Qb7+ Kg8 24. Qxa8+ Bf8 25. Rd1 Qg4 26. Qd5+ 1-0

[Event "2013 US Cadet"]
[Site "Rockville, MD"]
[Date "2013.07.21"]
[Round "4.4"]
[White "Li, Ruifeng (USA)"]
[Black "Williams, Justus (USA)"]
[Result "1/2-1/2"]
[WhiteElo "2326"]
[BlackElo "2374"]
[PlyCount "81"]
[EventDate "2013.??.??"]

1. e4 c5 2. Nf3 e6 3. d4 cxd4 4. Nxd4 a6 5. Bd3 Nf6 6. Qe2 d6 7. Nd2 Qc7 8. O-O
Nbd7 9. N2f3 g6 10. Bg5 Bg7 11. Rad1 O-O 12. c3 Re8 13. Rfe1 b6 14. e5 dxe5 15.
Nxe5 Nxe5 16. Qxe5 Qxe5 17. Rxe5 Bb7 18. Ree1 h6 19. Bf4 Nd5 20. Be5 Rad8 21.
Nf3 Bxe5 22. Nxe5 Ne7 23. Bc2 Kg7 24. f3 f6 25. Rxd8 Rxd8 26. Nc4 Nc8 27. Rd1
Rxd1+ 28. Bxd1 Bd5 29. Bb3 b5 30. Nd2 Nb6 31. Kf2 Kf7 32. Bxd5 Nxd5 33. Ne4 Ke7
34. g3 e5 35. Nc5 Nc7 36. a4 f5 37. axb5 axb5 38. Ke2 Kd6 39. Nd3 Nd5 40. Nf2
Nb6 41. b3 1/2-1/2

[Event "2013 US Cadet"]
[Site "Rockville, MD"]
[Date "2013.07.22"]
[Round "5.1"]
[White "Li (2326), Ruifeng"]
[Black "Black Jr (2310), James"]
[Result "1-0"]
[WhiteElo "2326"]
[BlackElo "2310"]
[PlyCount "113"]
[EventDate "2013.??.??"]

1. e4 e6 2. d4 d5 3. Nc3 Bb4 4. e5 c5 5. a3 Bxc3+ 6. bxc3 Qa5 7. Bd2 Qa4 8. Qb1
c4 9. Be2 Nc6 10. Nh3 f6 11. f4 Nge7 12. Bh5+ Kd8 13. O-O Bd7 14. Nf2 Kc7 15.
Nd1 Raf8 16. Nb2 Qa5 17. Qe1 Rhg8 18. a4 h6 19. Be2 Be8 20. Nd1 Bg6 21. Bg4 f5
22. Be2 Be8 23. Nf2 g5 24. Qc1 Nd8 25. fxg5 f4 26. Bxf4 Qxc3 27. Qd2 Qxd2 28.
Bxd2 Nf5 29. c3 hxg5 30. Ng4 Bh5 31. Rae1 Bxg4 32. Bxg4 Nc6 33. Rf2 Nce7 34.
Bc1 Kd7 35. Ref1 Rc8 36. Rf3 Rc6 37. Rh3 Rg7 38. Rh5 Rb6 39. Rxg5 Rh7 40. Bd1
Rb1 41. Bc2 Ra1 42. g4 Ra2 43. Bb1 Raxh2 44. gxf5 exf5 45. Bf4 R2h3 46. Rg3
Rh1+ 47. Kf2 R1h2+ 48. Rg2 R2h3 49. Bd2 Rf7 50. Rfg1 f4 51. Ke1 f3 52. Rf2 a6
53. Bc1 b5 54. axb5 axb5 55. Kd2 Nc6 56. Ba3 Rh4 57. Ke3 1-0

[Event "2013 US Cadet"]
[Site "Rockville, MD"]
[Date "2013.07.22"]
[Round "5.3"]
[White "Hua (2373), David"]
[Black "Wu (2293), Christopher"]
[Result "1/2-1/2"]
[WhiteElo "2373"]
[BlackElo "2293"]
[PlyCount "37"]
[EventDate "2013.??.??"]

1. d4 Nf6 2. c4 e6 3. Nf3 d5 4. Nc3 Bb4 5. Bg5 h6 6. Bxf6 Qxf6 7. e3 O-O 8. Qb3
Bxc3+ 9. bxc3 dxc4 10. Bxc4 b6 11. O-O Bb7 12. Ne5 Qg5 13. g3 Qe7 14. Rfe1 Nd7
15. Nxd7 Qxd7 16. Bb5 Qd6 17. Bf1 c5 18. Bg2 Bxg2 19. Kxg2 1/2-1/2

[Event "2013 US Cadet"]
[Site "Rockville, MD"]
[Date "2013.07.22"]
[Round "5.4"]
[White "Brown (2343), Michael"]
[Black "Colas (2398), Joshua"]
[Result "1/2-1/2"]
[WhiteElo "2343"]
[BlackElo "2398"]
[PlyCount "131"]
[EventDate "2013.??.??"]

1. d4 d5 2. c4 e6 3. Nc3 Nf6 4. cxd5 exd5 5. Bg5 Nbd7 6. e3 c6 7. Bd3 Be7 8.
Nf3 O-O 9. Qc2 h6 10. Bh4 Re8 11. O-O Ne4 12. Bxe7 Qxe7 13. Rab1 a5 14. a3 b5
15. Rfc1 Bb7 16. Bxe4 dxe4 17. Nd2 Nf6 18. b4 a4 19. Ne2 Rad8 20. Qc5 Qd7 21.
Ng3 g6 22. Rb2 Qc8 23. Qc2 Qe6 24. Re1 h5 25. Rbb1 h4 26. Ne2 Nd5 27. Nc3 Nxc3
28. Qxc3 Rd5 29. f3 exf3 30. Nxf3 h3 31. e4 Qg4 32. Qc2 Rdd8 33. Rbd1 hxg2 34.
Ne5 Qh5 35. Kxg2 Bc8 36. Rd3 Rd6 37. Nxc6 Be6 38. Ne5 Bb3 39. Qc3 Be6 40. Qc2
Rc8 41. Qe2 Qh6 42. Qd2 Qxd2+ 43. Rxd2 Rc3 44. d5 Rxa3 45. Rd3 Rxd3 46. Nxd3
Bd7 47. Nc5 Bc8 48. Kf3 f6 49. Ke3 Kf7 50. Kd4 Rd8 51. Rf1 Rh8 52. Rf2 Ke7 53.
d6+ Kxd6 54. Rxf6+ Ke7 55. Rxg6 Rxh2 56. Rb6 a3 57. Rxb5 a2 58. Ra5 Kd6 59. e5+
Kc6 60. e6 Kd6 61. Kc3 Re2 62. Kd3 Rb2 63. Kc3 Re2 64. Kb3 Bxe6+ 65. Nxe6 Kxe6
66. Rxa2 1/2-1/2

[Event "2013 US Cadet"]
[Site "Rockville, MD"]
[Date "2013.07.22"]
[Round "6.1"]
[White "Black Jr (2310), James"]
[Black "Brown (2343), Michael"]
[Result "0-1"]
[WhiteElo "2310"]
[BlackElo "2343"]
[PlyCount "72"]
[EventDate "2013.??.??"]

1. Nf3 d5 2. c4 e6 3. g3 Nf6 4. Bg2 Be7 5. O-O O-O 6. b3 c6 7. Bb2 Nbd7 8. d3
a5 9. Nbd2 a4 10. Qc2 Qc7 11. cxd5 exd5 12. e4 dxe4 13. dxe4 Rd8 14. Nc4 axb3
15. axb3 Rxa1 16. Rxa1 b6 17. Ne3 Bb7 18. e5 Ne8 19. Nf5 Nf8 20. N3d4 Bc5 21.
Ra7 Bxd4 22. Nxd4 Qb8 23. Rxb7 Qxb7 24. Nxc6 Qc7 25. Ba3 Ne6 26. h4 Nd4 27.
Ne7+ Kh8 28. Qe4 Qc2 29. Qb7 Qxb3 30. Nd5 Qxa3 31. Qxf7 Nd6 32. Qe7 Nc6 33. Qc7
Qc1+ 34. Kh2 Nb5 35. Qxb6 Rb8 36. Qa6 Nxe5 0-1

[Event "2013 US Cadet"]
[Site "Rockville, MD"]
[Date "2013.07.22"]
[Round "6.2"]
[White "Colas (2398), Joshua"]
[Black "Hua (2373), David"]
[Result "1/2-1/2"]
[WhiteElo "2398"]
[BlackElo "2373"]
[PlyCount "68"]
[EventDate "2013.??.??"]

1. Nf3 Nf6 2. d4 e6 3. c4 c5 4. d5 b5 5. Bg5 exd5 6. cxd5 d6 7. e4 a6 8. a4 Be7
9. Bxf6 Bxf6 10. axb5 Bxb2 11. Ra2 Bf6 12. bxa6 Qb6 13. Be2 Bxa6 14. O-O O-O
15. Bxa6 Rxa6 16. Rxa6 Qxa6 17. Nbd2 Rc8 18. Qc2 c4 19. Rc1 c3 20. e5 dxe5 21.
Ne4 Nd7 22. d6 Bd8 23. h3 g6 24. Qb3 Qc4 25. Qb7 Qc6 26. Qxc6 Rxc6 27. Rxc3
Rxc3 28. Nxc3 f6 29. Nd5 Kf7 30. Nc7 Nc5 31. Nd2 Ne6 32. Nd5 Nc5 33. Nc7 Ne6
34. Nd5 Nc5 1/2-1/2

[Event "2013 US Cadet"]
[Site "Rockville, MD"]
[Date "2013.07.22"]
[Round "6.3"]
[White "Wu (2293), Christopher"]
[Black "Williams (2374), Justus"]
[Result "0-1"]
[WhiteElo "2293"]
[BlackElo "2374"]
[PlyCount "88"]
[EventDate "2013.??.??"]

1. e4 c5 2. Nf3 d6 3. d4 cxd4 4. Nxd4 Nf6 5. Nc3 a6 6. Be3 e6 7. Be2 Be7 8. f4
Qc7 9. Bf3 Nc6 10. Qe2 Rb8 11. O-O O-O 12. Rad1 Bd7 13. Kh1 b5 14. e5 dxe5 15.
Nxc6 Bxc6 16. Bxc6 Qxc6 17. fxe5 Nd7 18. Bf4 Nc5 19. Qg4 Kh8 20. Rf3 b4 21. Ne2
Qe4 22. Rg3 Qg6 23. Qxg6 hxg6 24. Rf3 Kg8 25. Nd4 Rbc8 26. c4 Rfd8 27. b3 Rc7
28. Be3 Rcd7 29. Bg1 f6 30. g4 Ne4 31. Re1 Ng5 32. Rff1 Rxd4 33. Bxd4 Rxd4 34.
exf6 gxf6 35. Rd1 Bc5 36. Rxd4 Bxd4 37. Kg2 f5 38. h3 Kg7 39. Rc1 Ne4 40. Kf3
Nc5 41. Rd1 e5 42. h4 e4+ 43. Kf4 Nd3+ 44. Kg3 f4+ 0-1

[Event "2013 US Cadet"]
[Site "Rockville, MD"]
[Date "2013.07.22"]
[Round "6.4"]
[White "Krishnan (2346), Varun"]
[Black "Li (2326), Ruifeng"]
[Result "1/2-1/2"]
[WhiteElo "2346"]
[BlackElo "2326"]
[PlyCount "89"]
[EventDate "2013.??.??"]

1. e4 c5 2. Nf3 Nc6 3. d4 cxd4 4. Nxd4 g6 5. c4 Nf6 6. Nc3 d6 7. Nc2 Bg7 8. Be2
Nd7 9. Nd5 Nc5 10. f3 O-O 11. O-O f5 12. exf5 gxf5 13. Rb1 e5 14. b4 Ne6 15.
Bb2 b6 16. Qd3 Bb7 17. f4 Ne7 18. Nce3 e4 19. Qd2 Ng6 20. g3 Qd7 21. h4 Ne7 22.
h5 Nxd5 23. cxd5 Nc7 24. g4 Bxb2 25. Qxb2 h6 26. Kh2 Qe7 27. g5 hxg5 28. Rg1 g4
29. Bxg4 fxg4 30. Rxg4+ Kh7 31. Rbg1 Ne8 32. h6 Qf6 33. Qg2 Qxh6+ 34. Kg3 Nf6
35. Rh1 Nh5+ 36. Rxh5 Qxh5 37. Qxe4+ Kh6 38. Qe6+ Kh7 39. Qe4+ Kh6 40. Qe6+ Kh7
41. Rh4 Qxh4+ 42. Kxh4 Rxf4+ 43. Kg5 Raf8 44. Qxd6 R4f7 45. Ng4 1/2-1/2

[Event "2013 US Cadet"]
[Site "Rockville, MD"]
[Date "2013.07.23"]
[Round "?"]
[White "Brown (2343), Michael"]
[Black "Williams (2374), Justus"]
[Result "0-1"]
[WhiteElo "2343"]
[BlackElo "2374"]
[PlyCount "67"]
[EventDate "2013.??.??"]

1. d4 Nf6 2. c4 e6 3. Nc3 Bb4 4. Qc2 Nc6 5. Nf3 d6 6. Bd2 O-O 7. a3 Bxc3 8.
Bxc3 Qe7 9. g3 e5 10. d5 Nb8 11. Bg2 Nfd7 12. Nd2 f5 13. O-O Nf6 14. b4 Qe8 15.
f4 Ng4 16. Qd3 e4 17. Qd4 Qe7 18. c5 Nd7 19. cxd6 cxd6 20. h3 Ngf6 21. Nc4 b5
22. Ne3 Nb6 23. g4 fxg4 24. hxg4 Bxg4 25. Nxg4 Nxg4 26. Bxe4 Rac8 27. Bf3 Ne3
28. Bd2 Nc2 29. Qd3 Nxa1 30. Rxa1 Nc4 31. e3 Nxd2 32. Qxd2 Rce8 33. Re1 Rxf4
34. Qd1 0-1